| 000 | 00813nam a2200229 a 4500 | ||
|---|---|---|---|
| 001 | 000027336 | ||
| 003 | DO-SdBNP | ||
| 005 | 20250217091458.0 | ||
| 007 | ta | ||
| 008 | 110331s1992 dr 000 0 spa d | ||
| 040 |
_aDO-SdBNP _bspa _cBNPHU |
||
| 049 | _aBNPD | ||
| 082 | 4 |
_bL864e _222 |
|
| 100 | 1 |
_a López Rodríguez, Nicolás de Jesús, _d1936- _9670 |
|
| 245 | 1 | 0 |
_aEn torno al Quinto Centenario / _cNicolás de Jesús Cardenal López Rodríguez. |
| 260 |
_aSanto Domingo : _bComisión Dominicana Permanente Para la Celebración del Quinto Centenario del Descubriento y Evangelización de América, _c1992. |
||
| 300 |
_a224 p. ; _c24 cm. |
||
| 490 | 1 |
_aQuinto Centenario. _aConferencia _v5 |
|
| 590 | _aInventariado, 2022/BT | ||
| 830 | 0 |
_aQuinto Centenario. _pConferencia _v5 _954414 |
|
| 942 |
_2ddc _cLBS1 |
||
| 999 |
_c26828 _d26828 |
||